000 00917nam a2200253 i 4500
003 IT-RoINE
005 20180522070720.0
008 960702s1856 sp |r 001|| spa|d
040 _aSpMaBN
_cA2 IT-RoINE
_d IT-RoINE
100 1 _aOrcajo, Pedro
_931461
245 1 0 _aHistoria de la Catedral de Burgos :
_bdivida en dos partes .../
_cpor Pedro Orcajo.
250 _a4ª ed.
260 _aBurgos :
_b[s.n.],
_c1856.
_fImp. de Cariñena y Jiménez
300 _a202 p. ;
_c15 cm.
336 _aTexto (visual)
_2isbdcontent
337 _2rdamedia
_aunmediated
338 _2rdacarrier
_avolume
500 _aIncluye índice.
504 _aIncluye referencias bibliograficás.
610 2 4 _aCatedral de Burgos (España)
_931462
_xHistoria
651 4 _aBurgos (España)
_xHistoria eclesiástica
_931463
856 4 1 _uhttp://bdh-rd.bne.es/viewer.vm?id=0000128583&page=1
_yBiblioteca Digital Hispánica
942 _cMTS
999 _c23013
_d23013